Cricketing Terms - Statistics

General Stats
  • This quiz has been taken 259 times
  • The average score is 6 of 10
Answer Stats
Hint Answer % Correct
Very pitched up delivery Yorker
85%
Leg spinner's off break Googly/Wrong'un
75%
Outfielder placed close to the bat behind the stumps Slip
71%
Extra runs scored due to a misdirected shy at the stumps Overthrows
66%
Full toss at the batsman's head Beamer
60%
Cross-batted shot played through the on side, usually of the back foot Pull
59%
Shot played by changing hands, made famous by Kevin Pietersen Switch Hit
55%
Off spinner's leg break Doosra
49%
111 Nelson
36%
Running out the non-striker in the bowler's delivery stride (Named after an Indian bowler) Mankading
22%
No matching quizzes found
Score Distribution
Percent of People with Each Score
Percentile by Number Answered
Your Score History
You have not taken this quiz